Statistics for Top 5 Largest Provinces of Canada by Area

Click here to take the quiz!

General Stats

  • This quiz has been taken 31 times
  • The average score is 5 of 5

Answer Stats

AreaProvince% Correct
1,365,128Quebec
97%
925,186British Columbia
93%
917,741Ontario
93%
1,936,113Nunavut
90%
1,183,085Northwest Territories
83%

Score Distribution

Percentile by Number Answered

Percent of People with Each Score

Your Score History

You have not taken this quiz